| 000 | 00613nam a22001937a 4500 | ||
|---|---|---|---|
| 005 | 20131217142654.0 | ||
| 010 | _aENG-108851 | ||
| 020 |
_a9789381176078 _c850.00 |
||
| 035 | _aEN-92384 | ||
| 037 | _bDBAD/PUB | ||
| 082 | _a338.0954133 | ||
| 100 | _aNayak, Durjyodhan | ||
| 245 |
_aFiscal management in post-reform India / _cby Durjyodhan Nayak |
||
| 260 |
_aNew Delhi _bSSDN Publishers and Distributors _c2012 |
||
| 270 |
_a5A, Sahni Mansion, Ansari Road Daryaganj _bNew Delhi _e110002 |
||
| 300 |
_axxvi,243p. _c22cm(Hb) |
||
| 500 | _aIncludes index | ||
| 942 |
_2ddc _cEN _mNAY _h338.0954133 |
||
| 999 |
_c81201 _d81201 |
||